Chimpingway | 10 Top Reddit Posts of All Time Fill in the Gaps 2023 - Statistics

General Stats
  • This quiz has been taken 10 times
  • The average score is 4 of 10
Answer Stats
# Subreddit Post % Correct
9 The10thDentist Bellybuttons are an excellent and often overlooked {hole}
63%
2 mildlyinteresting My idiotic pet bichir who gives me the {stink} {eye} and spits on me
63%
10 despicableme Are the minions {minors}
38%
7 Stone found this things in the {SOIL}, are they stones?
38%
4 Soil Has anyone else noticed the soil quality has been terrible since {2023} started?
38%
6 hamstercare is it wrong to involve my hamster in my {schemes}?
38%
5 bmx {oops}
38%
8 godtiersuperpowers You can {kill} any horse instantly from any distance with only your mind. You can specify how much it will {hurt} the horse.
38%
3 birding Beyond excited right now. Was out spotting and I found a {Whooky} {Bird} flying overhead. Only managed to snap one photo and it turned out clear!
25%
1 Entomology how do i make my pet beetle {sad}
25%
No matching quizzes found
Score Distribution
Percent of People with Each Score
Percentile by Number Answered
Your Score History
You have not taken this quiz